| 000 | 006810000a22002170004500 | ||
|---|---|---|---|
| 003 | LK-CoMWRAF | ||
| 005 | 20231027133340.0 | ||
| 008 | 230817t1997 ||||| |||| 00| 0 eng d | ||
| 020 | _a8125903607 | ||
| 040 |
_aLK-CoMWRAF _dLK-CoMWRAF _eLK-CoMWRAF |
||
| 041 | _aeng | ||
| 082 |
_a305.4 _bTHI |
||
| 100 | _aThiruchandran, Selvy | ||
| 245 | _aIdeology, Caste, Class and Gender | ||
| 260 |
_aNew Delhi: _bVikas Publishing House, _c1997 |
||
| 300 |
_axxii, 266 p. ; 25 cm. _bGlossary. bibliography and index included |
||
| 650 | _aWOMEN-India-Tamil Nadu | ||
| 650 | _a Tamil Nadu (India)--Social conditions. | ||
| 650 | _a Tamil Nadu (India)--Economic conditions. | ||
| 942 | _cBK | ||
| 999 |
_c2084 _d2084 |
||